| 000 | 01003nam a22002417 4500 | ||
|---|---|---|---|
| 999 |
_c1057 _d1057 |
||
| 003 | AR-BaISA | ||
| 005 | 20220825164750.0 | ||
| 007 | ta | ||
| 008 | 220825s2007 ag ado|| |||| 001 0 spa d | ||
| 020 | _a9789509030428 | ||
| 040 |
_bspa _cAR-BaISA |
||
| 082 | 0 | 4 |
_222 _a616.028 P929 |
| 100 | 1 |
_92459 _aPrevigliano, Ignacio José |
|
| 245 | 1 | 0 |
_aNeurointensivismo basado en evidencia / _cIgnacio J. Previgliano |
| 260 |
_aBuenos Aires: _bCorpus, _c2007 |
||
| 300 |
_a585 p.: _bil., fotos, gráfs., tablas |
||
| 504 | _aBibliografía al principio de cada sección. | ||
| 504 | _aÍndice analítico p.: 580-585. | ||
| 505 |
_tDefiniciones -- _tTraumatismo de cráneo -- _tAtaque cerebral -- _tMonitorización -- _tTraumatismo raquimedular -- _tComplicaciones posoperatorias de neurocirugía -- _tInfecciones -- _tPatología neuromuscular -- _tAlteraciones de la conciencia -- _tRehabilitación -- _tAspectos éticos |
||
| 650 | 1 | 0 |
_91150 _aNeurología |
| 650 | 1 | 0 |
_9786 _aCuidados intensivos |
| 942 |
_2ddc _cLI _e22 |
||